Statistics for General Knowledge Quiz #185

Click here to take the quiz!

General Stats

  • This quiz has been taken 15,283 times
  • The average score is 13 of 20

Answer Stats

Question Answer % Correct
What do you call something that has a pH of less than 7?an Acid
86%
What tusked animal has a name starting with W?Walrus or Warthog
85%
Where were paper, the printing press, the compass, and gunpowder first invented?China
82%
The words zeitgeist and poltergeist come to us from German.
What does "Geist" mean in German?
Ghost
81%
What was the capital of the Ottoman Empire from 1453–1922?Constantinople
76%
What does the French word "musée" mean in English?Museum
75%
Where would you find the neocortex?the Brain
75%
What type of animal can "whinny"?Horse
74%
What is 111 + 10 * 5?161
73%
What substance can be given an "octane rating"?Gasoline
69%
What does the Greek word "polis" mean?City
68%
What are chipotles and poblanos?Types of {Pepper}
66%
What country on the African mainland is geographically closest to North America?Morocco
64%
Where would you find NSW, VIC, and QLD?Australia
57%
What is a knoll?a Small Hill
54%
What city is home to the world's tallest arch?St. Louis
51%
What island, starting with the letter B, is the only island in the world to be
shared by three different countries?
Borneo
41%
What is a "djinn" better known as?Genie
38%
According to Occam's Razor, which solution is usually correct?the Simplest
34%
In hip hop lingo, what is scrilla?Money
22%

Score Distribution

Percentile by Number Answered

Percent of People with Each Score

Your Score History

You have not taken this quiz